000 01176cam a2200277 i 4500
003 SA-RiAUC
005 20241229144841.0
008 241229s1985 le g 00000 ara c
040 _aSA-RiAUC
_bara
_cSA-RiAUC
_erda
082 0 4 _a258.1
090 _a258.1
_b ح م و
100 1 _aالحموي، أحمد بن محمد مكي،
_dتوفي 1098 هجري
_eمؤلف.
245 1 0 _aغمز عيون البصائر شرح كتاب الأشباه والنظائر لابن نجيم المصري /
_cشرح أحمد بن محمد مكي الحموي.
246 3 0 _aشرح كتاب الأشباه والنظائر
250 _aالطبعة الأولى.
264 1 _aبيروت :
_bدار الكتب العلمية،
_c1985
300 _a4 مجلد ؛
_c24 سم
336 _aنص
_btxt
_2rdacontent
_3كتاب
337 _aبدون وسيط
_bn
_2rdamedia
338 _aمجلد
_bnc
_2rdacarrier
650 7 _aالفقه الحنفي
_2aucsh
700 1 2 _aابن نجيم، زين الدين بن إبراهيم بن محمد،
_dتوفي 970 هجري
740 2 2 _aالأشباه والنظائر.
942 _2ddc
_cBOOK
_n0
949 _aSA-JeALM
_d241229
_uosman123
_n1
999 _c4064
_d4064